000 00319nam a22001217a 4500
008 160510b xxu||||| |||| 00| 0 eng d
020 _a9780073375663
020 _a0073375667
041 _aeng
080 _a54
245 _aChemistry in context:
_cCatherine Middlecamp; Steven Keller; Karen Anderson;
942 _2udc
_cBK
999 _c1975
_d1975